| 000 | 00501nam a2200133Ia 4500 | ||
|---|---|---|---|
| 008 | 160809s9999 xx 000 0 und d | ||
| 100 | _aKüçüksüleymanoglu, Rüyam. | ||
| 245 | _aBURNOUT SYNDROME LEVELS OF TEACHERS IN SPECIAL EDUCATION SCHOOLS IN TURKEY | ||
| 245 | _cRüyam Küçüksüleymanoglu Uludag University . | ||
| 260 | _bInternational Journal of Special Education | ||
| 260 | _c2011 | ||
| 650 | _xSPECIAL EDUCATION | ||
| 856 | _uhttp://www.internationaljournalofspecialed.com/issues.php | ||
| 999 |
_c300462 _d300462 |
||